[Event "Plovdiv Tringov Memorial 36th"]
[Site "Plovdiv"]
[Date "2014.02.08"]
[Round "8"]
[White "Nikolov, Momchil"]
[Black "Mladenovic, Stefan S"]
[Result "1-0"]
[WhiteElo "2522"]
[BlackElo "2310"]
[PlyCount "53"]
[EventDate "2014.02.02"]
[EventType "swiss"]
[EventRounds "9"]
[EventCountry "BUL"]
[SourceTitle "CBM 158 Extra"]
[Source "ChessBase"]
[SourceDate "2014.02.28"]
[SourceVersion "1"]
[SourceVersionDate "2014.02.28"]
[SourceQuality "1"]

1. Nf3 Nf6 2. c4 e6 3. Nc3 Bb4 4. Qc2 0-0 5. a3 Bxc3 6. Qxc3 b5 7. cxb5 c6 8. e3 Bb7 9. bxc6 Nxc6 10. b4 Rc8 11. Qb2 Qb6 12. Be2 Ne7 13. 0-0 Nf5 14. d3 d5 15. Bd2 Rfe8 16. Rfc1 Rxc1+ 17. Rxc1 e5 18. Nxe5 d4 19. Nc4 Qe6 20. e4 Nxe4 21. dxe4 Bxe4 22. f3 Bd5 23. Bd3 Ne3 24. Nxe3 dxe3 25. Be1 Qb6 26. Be2 g5 27. Rc5 1-0

[Event "Plovdiv Tringov Memorial 36th"]
[Site "Plovdiv"]
[Date "2014.02.06"]
[Round "6"]
[White "Vasilev, Milen"]
[Black "Mladenovic, Stefan S"]
[Result "1-0"]
[WhiteElo "2487"]
[BlackElo "2310"]
[PlyCount "81"]
[EventDate "2014.02.02"]
[EventType "swiss"]
[EventRounds "9"]
[EventCountry "BUL"]
[SourceTitle "CBM 158 Extra"]
[Source "ChessBase"]
[SourceDate "2014.02.28"]
[SourceVersion "1"]
[SourceVersionDate "2014.02.28"]
[SourceQuality "1"]

1. d4 e6 2. Nf3 Nf6 3. Bg5 h6 4. Bxf6 Qxf6 5. e4 d6 6. Nc3 g6 7. Qd2 Bg7 8. 0-0-0 Qd8 9. h4 h5 10. Ng5 f6 11. Nh3 Bh6 12. f4 e5 13. dxe5 fxe5 14. Ng5 Bg4 15. Bb5+ Nc6 16. Rdf1 0-0 17. Bc4+ Kg7 18. f5 Bxg5 19. hxg5 gxf5 20. exf5 Rxf5 21. Rxf5 Bxf5 22. g4 Bxg4 23. Rf1 Nd4 24. Rf7+ Kg6 25. Rf6+ Kg7 26. Qd3 Bf5 27. Rxf5 Nxf5 28. Qxf5 Qf8 29. Qd7+ Kg6 30. Ne4 Qf5 31. Qxc7 Qf4+ 32. Kb1 Kf5 33. Qh7+ Kg4 34. Be2+ Kh3 35. Qxh5+ Kg2 36. Qg4+ Qxg4 37. Bxg4 d5 38. Nf6 e4 39. g6 Kg3 40. g7 Kf4 41. Bd1 1-0

[Event "Plovdiv Tringov Memorial 36th"]
[Site "Plovdiv"]
[Date "2014.02.04"]
[Round "4"]
[White "Georgescu, Tiberiu Marian"]
[Black "Mladenovic, Stefan S"]
[Result "1-0"]
[WhiteElo "2455"]
[BlackElo "2310"]
[PlyCount "79"]
[EventDate "2014.02.02"]
[EventType "swiss"]
[EventRounds "9"]
[EventCountry "BUL"]
[SourceTitle "CBM 158 Extra"]
[Source "ChessBase"]
[SourceDate "2014.02.28"]
[SourceVersion "1"]
[SourceVersionDate "2014.02.28"]
[SourceQuality "1"]

1. d4 Nf6 2. c4 e6 3. Nf3 b6 4. Bf4 Ba6 5. e3 Be7 6. Nc3 Nh5 7. Bg3 Nxg3 8. hxg3 d5 9. Ne5 c6 10. Bd3 Bf6 11. cxd5 Bxe5 12. dxe5 exd5 13. e6 fxe6 14. Bxh7 Kd7 15. Qa4 Kc7 16. 0-0-0 Kb7 17. Qf4 Rf8 18. Qg4 Qe7 19. e4 Bc4 20. Rhe1 Rxf2 21. exd5 Qb4 22. Qxg7+ Ka6 23. Bc2 Bxd5 24. Rd4 Bc4 25. a3 Rxc2+ 26. Kxc2 Qb3+ 27. Kc1 c5 28. Rd8 Nc6 29. Rxa8 Bd3 30. Re2 Bxe2 31. Nxe2 Qe3+ 32. Kd1 Qd3+ 33. Ke1 Qe4 34. Kf2 Qf5+ 35. Kg1 Qb1+ 36. Kh2 Qc2 37. Nf4 e5 38. Qg6 Qxb2 39. Qxc6 exf4 40. Qa4+ 1-0

[Event "SRB-chT Central"]
[Site "Kragujevac"]
[Date "2013.09.16"]
[Round "4.4"]
[White "Mladenovic, Stefan S"]
[Black "Djukic, Stevan"]
[Result "1/2-1/2"]
[WhiteElo "2274"]
[BlackElo "2252"]
[PlyCount "42"]
[EventDate "2013.09.14"]
[EventType "team-tourn"]
[EventRounds "11"]
[EventCountry "SRB"]
[SourceTitle "CBM 156 Extra"]
[Source "ChessBase"]
[SourceDate "2013.10.22"]
[SourceVersion "1"]
[SourceVersionDate "2013.10.22"]
[SourceQuality "1"]
[WhiteTeam "Paracin"]
[BlackTeam "Donja Studena"]
[WhiteTeamCountry "SRB"]
[BlackTeamCountry "SRB"]

1. d4 c5 2. d5 e5 3. Nc3 d6 4. e4 a6 5. a4 Be7 6. Nf3 Bg4 7. b3 Nd7 8. h3 Bxf3 9. Qxf3 Bg5 10. Bb2 Ne7 11. h4 Bh6 12. g4 f6 13. Ne2 0-0 14. Ng3 Bf4 15. Nh5 Bh6 16. Ng3 Bf4 17. Ne2 Bh6 18. Rg1 Ng6 19. Qg3 Bf4 20. Qh3 Bh6 21. Qg3 Bf4 1/2-1/2

[Event "SRB-chT Central"]
[Site "Kragujevac"]
[Date "2013.09.14"]
[Round "1.2"]
[White "Carnic, Srdjan"]
[Black "Mladenovic, Stefan S"]
[Result "1/2-1/2"]
[WhiteElo "2327"]
[BlackElo "2274"]
[PlyCount "35"]
[EventDate "2013.09.14"]
[EventType "team-tourn"]
[EventRounds "11"]
[EventCountry "SRB"]
[SourceTitle "CBM 156 Extra"]
[Source "ChessBase"]
[SourceDate "2013.10.22"]
[SourceVersion "1"]
[SourceVersionDate "2013.10.22"]
[SourceQuality "1"]
[WhiteTeam "Pirot Progres"]
[BlackTeam "Paracin"]
[WhiteTeamCountry "SRB"]
[BlackTeamCountry "SRB"]

1. d4 Nf6 2. c4 e6 3. Nf3 b6 4. g3 Ba6 5. b3 b5 6. cxb5 Bxb5 7. Bg2 Bc6 8. 0-0 a5 9. Ba3 Bb4 10. Bxb4 axb4 11. Nbd2 Qc8 12. Qc2 Qb7 13. Rfe1 0-0 14. e4 d6 15. h3 Ra7 16. Re3 Qa8 17. Ne1 Nbd7 18. Nd3 1/2-1/2

[Event "SRB-chT"]
[Site "Kragujevac"]
[Date "2013.08.28"]
[Round "5.5"]
[White "Savic, Miodrag R"]
[Black "Mladenovic, Stefan S"]
[Result "1-0"]
[WhiteElo "2543"]
[BlackElo "2288"]
[PlyCount "75"]
[EventDate "2013.08.24"]
[EventType "team-tourn"]
[EventRounds "11"]
[EventCountry "SRB"]
[SourceTitle "CBM 156 Extra"]
[Source "ChessBase"]
[SourceDate "2013.10.22"]
[SourceVersion "1"]
[SourceVersionDate "2013.10.22"]
[SourceQuality "1"]
[WhiteTeam "Belgrade Lasta"]
[BlackTeam "Nis"]
[WhiteTeamCountry "SRB"]
[BlackTeamCountry "SRB"]

1. e4 e6 2. d4 d5 3. e5 c5 4. c3 Nc6 5. Nf3 Qb6 6. Be2 Nh6 7. b3 cxd4 8. cxd4 Bb4+ 9. Kf1 Nf5 10. Bb2 0-0 11. g4 Nh6 12. Rg1 f6 13. exf6 gxf6 14. Qc1 Nf7 15. g5 f5 16. g6 hxg6 17. Rxg6+ Kh7 18. Rg3 Rg8 19. Qf4 Rxg3 20. hxg3 Bd7 21. Kg2 Kg7 22. Ba3 Bxa3 23. Nxa3 Qb4 24. Nc2 Qd6 25. Qe3 Rg8 26. Rh1 Rh8 27. Rxh8 Kxh8 28. Nce1 Qa3 29. Nd3 Qd6 30. Nf4 Kg7 31. Bb5 Ncd8 32. Nh5+ Kf8 33. Bxd7 Qxd7 34. Ne5 Nxe5 35. Qh6+ Ke7 36. dxe5 Nc6 37. Qf6+ Ke8 38. Ng7+ 1-0

[Event "SRB-chT"]
[Site "Kragujevac"]
[Date "2013.08.27"]
[Round "4.3"]
[White "Mladenovic, Stefan S"]
[Black "Barlov, Dragan"]
[Result "1/2-1/2"]
[WhiteElo "2288"]
[BlackElo "2449"]
[PlyCount "120"]
[EventDate "2013.08.24"]
[EventType "team-tourn"]
[EventRounds "11"]
[EventCountry "SRB"]
[SourceTitle "CBM 156 Extra"]
[Source "ChessBase"]
[SourceDate "2013.10.22"]
[SourceVersion "1"]
[SourceVersionDate "2013.10.22"]
[SourceQuality "1"]
[WhiteTeam "Nis"]
[BlackTeam "Kragujevac Radnicki"]
[WhiteTeamCountry "SRB"]
[BlackTeamCountry "SRB"]

1. d4 d6 2. Nf3 Nf6 3. c4 g6 4. Nc3 Bg7 5. e4 0-0 6. Be2 c5 7. d5 e6 8. 0-0 Na6 9. Bf4 e5 10. Bd2 Nc7 11. a3 Nfe8 12. Ne1 f5 13. exf5 gxf5 14. f4 e4 15. Nc2 Nf6 16. Ne3 Nd7 17. Rb1 Qe7 18. Qc2 Rf7 19. Kh1 Nf8 20. g4 Ng6 21. gxf5 Rxf5 22. Qxe4 Qf7 23. Nxf5 Bxf5 24. Qg2 Nh4 25. Qg5 Bxb1 26. Nxb1 Qf6 27. Qg4 Nf5 28. Bd3 Rf8 29. Rg1 Nd4 30. Qh5 h6 31. Rg6 Qf7 32. Qxh6 Nxd5 33. Rxg7+ Qxg7 34. Qxg7+ Kxg7 35. cxd5 Nf3 36. Bc3+ Kh6 37. Nd2 Ne1 38. Be2 Rxf4 39. Nc4 Rf2 40. Bxe1 Rxe2 41. Bc3 b5 42. Nxd6 b4 43. axb4 cxb4 44. Bd4 Kg5 45. Nb5 a5 46. Bb6 Rxb2 47. d6 Rd2 48. Nd4 b3 49. Nxb3 Rxd6 50. Bxa5 Rd5 51. Bc7 Rd3 52. Nc5 Rc3 53. Bd6 Rc2 54. Nb3 Kh5 55. Nd4 Rd2 56. Be5 Kg4 57. Kg1 Rb2 58. Kf1 Ra2 59. Bg3 Rb2 60. Ke1 Ra2 1/2-1/2

[Event "Paracin-ch"]
[Site "Paracin"]
[Date "2013.01.13"]
[Round "5"]
[White "Mladenovic, Stefan S"]
[Black "Popovic, Djordje D"]
[Result "1-0"]
[WhiteElo "2292"]
[BlackElo "2219"]
[PlyCount "81"]
[EventDate "2013.01.11"]
[EventType "swiss"]
[EventRounds "9"]
[EventCountry "SRB"]
[SourceTitle "EXT 2019"]
[Source "ChessBase"]
[SourceDate "2018.10.10"]
[SourceVersion "1"]
[SourceVersionDate "2018.10.10"]
[SourceQuality "1"]

1. d4 Nf6 2. Nf3 e6 3. e3 c5 4. Bd3 Be7 5. 0-0 0-0 6. c4 cxd4 7. exd4 d5 8. b3 b6 9. Ne5 Bb7 10. Bb2 Nc6 11. Nd2 dxc4 12. Nxc6 Bxc6 13. bxc4 Qc7 14. Qe2 Rfe8 15. f4 a6 16. Nf3 b5 17. c5 Bd5 18. Ne5 Qb7 19. Rfe1 g6 20. a4 b4 21. Rac1 Bf8 22. Bc4 Bxc4 23. Nxc4 Nd5 24. Qf3 Qc7 25. g3 a5 26. Re2 Red8 27. Rf1 Qd7 28. g4 Qxa4 29. f5 exf5 30. gxf5 Ra6 31. Nb6 Qc6 32. fxg6 f6 33. gxh7+ Kh8 34. Qg2 Bh6 35. Rf5 Rxb6 36. cxb6 Kxh7 37. Qe4 Kh8 38. Rh5 Rg8+ 39. Kh1 f5 40. Qe6 Rg6 41. Qxc6 1-0

[Event "Paracin-ch"]
[Site "Paracin"]
[Date "2013.01.13"]
[Round "4"]
[White "Radovic, Janko"]
[Black "Mladenovic, Stefan S"]
[Result "0-1"]
[WhiteElo "2034"]
[BlackElo "2292"]
[PlyCount "82"]
[EventDate "2013.01.11"]
[EventType "swiss"]
[EventRounds "9"]
[EventCountry "SRB"]
[SourceTitle "EXT 2019"]
[Source "ChessBase"]
[SourceDate "2018.10.10"]
[SourceVersion "1"]
[SourceVersionDate "2018.10.10"]
[SourceQuality "1"]

1. e4 e6 2. d4 d5 3. exd5 exd5 4. Bd3 c5 5. c3 Nc6 6. Nf3 Nf6 7. 0-0 c4 8. Bc2 Be7 9. Bg5 0-0 10. b3 Bg4 11. bxc4 dxc4 12. Nbd2 Qa5 13. Rc1 Qxg5 14. Nxg5 Bxd1 15. Bxd1 Nd5 16. Nh3 b5 17. Bf3 Rfd8 18. Rfe1 Ba3 19. Rc2 Rac8 20. Nf1 Nb6 21. Rb1 a6 22. Ne3 Rc7 23. Nf4 Ne7 24. g3 Bd6 25. Ne2 f5 26. Bg2 g5 27. f4 g4 28. Kf2 Kg7 29. h3 h5 30. hxg4 hxg4 31. Rd2 Kg6 32. Bh1 Ng8 33. d5 Bc5 34. Nd4 Bxd4 35. Rxd4 Na4 36. Rc1 Nc5 37. Ke2 Nf6 38. Rc2 Nh5 39. Nf1 Re7+ 40. Kd1 Rde8 41. Rf2 Nd3 0-1

[Event "Paracin-ch"]
[Site "Paracin"]
[Date "2013.01.11"]
[Round "1"]
[White "Mladenovic, Stefan S"]
[Black "Stefanovic, Rade"]
[Result "1-0"]
[WhiteElo "2292"]
[BlackElo "1667"]
[PlyCount "65"]
[EventDate "2013.01.11"]
[EventType "swiss"]
[EventRounds "9"]
[EventCountry "SRB"]
[SourceTitle "EXT 2019"]
[Source "ChessBase"]
[SourceDate "2018.10.10"]
[SourceVersion "1"]
[SourceVersionDate "2018.10.10"]
[SourceQuality "1"]

1. d4 Nf6 2. Nf3 e6 3. e3 c5 4. Bd3 d5 5. c3 c4 6. Bc2 Bd7 7. Nbd2 Nc6 8. 0-0 Be7 9. Qe2 a5 10. e4 h6 11. Re1 b5 12. e5 Nh7 13. Nf1 a4 14. Ng3 Ng5 15. Nh5 Nxf3+ 16. Qxf3 g5 17. Ng7+ Kf8 18. Bxg5 f6 19. exf6 Bxf6 20. Nh5 e5 21. Nxf6 Kg7 22. Nxd7 Qxd7 23. Bf5 Qd6 24. dxe5 Nxe5 25. Rxe5 Qxe5 26. Be3 Rhf8 27. Bd4 Qf6 28. Qxd5 Rab8 29. Qd7+ Rf7 30. Bxf6+ Kxf6 31. Qd6+ Kxf5 32. Qxb8 Re7 33. Qf8+ 1-0